[Event "Let's Play Chess!"]
[Site "http://www.queenalice.com/game.php?id=1854350"]
[Date "2025.3.22"]
[Round "-"]
[White "Charles56"]
[Black "josebaron"]
[Result "1/2-1/2"]
[WhiteElo "1850"]
[BlackElo "2206"]

1. g3 e5 2. e4 Nf6 3. Nc3 Bb4 4. Bc4 Bxc3 5. dxc3 O-O 6. f3 d6 7. h4 c6 8. a3 b5
9. Ba2 a5 10. Be3 Qe7 11. g4 a4 12. b4 axb3 13. Bxb3 c5 14. c4 Be6 15. cxb5 c4
16. Ba2 Nbd7 17. Bc1 Nc5 18. Qe2 d5 19. exd5 Bxd5 20. Bxc4 Bxc4 21. Qxc4 e4
1/2-1/2

[Event "AUTO-OPEN-4584"]
[Site "http://www.queenalice.com/game.php?id=1854621"]
[Date "2025.3.27"]
[Round "1"]
[White "josebaron"]
[Black "bmax"]
[Result "1/2-1/2"]
[WhiteElo "2217"]
[BlackElo "2302"]

1. e4 c6 2. Nf3 d5 3. exd5 cxd5 4. d4 Nc6 5. Bb5 Bg4 6. O-O e6 7. Re1 Bd6 8. Nc3
Nf6 9. Bg5 O-O 10. h3 Bxf3 11. gxf3 h6 12. Bxf6 Qxf6 13. Bxc6 bxc6 14. Ne2 Qg5+
15. Kf1 c5 16. c3 Qh5 17. Kg2 Rab8 18. Rb1 Qg5+ 19. Ng3 Rfc8 20. Qd3 cxd4 21.
cxd4 Rc4 22. b3 Rc7 23. Rh1 h5 24. h4 Qf4 25. Nxh5 1/2-1/2

[Event "AUTO-OPEN-4584"]
[Site "http://www.queenalice.com/game.php?id=1854622"]
[Date "2025.3.27"]
[Round "1"]
[White "bmax"]
[Black "josebaron"]
[Result "1/2-1/2"]
[WhiteElo "2299"]
[BlackElo "2220"]

1. d4 d5 2. Bf4 Nf6 3. e3 Nc6 4. Nf3 Bg4 5. h3 Bxf3 6. Qxf3 e6 7. c3 Bd6 8. Bxd6
cxd6 9. Nd2 O-O 10. g4 e5 11. O-O-O e4 12. Qf4 a5 13. Kb1 a4 14. a3 b5 15. Be2
Rb8 16. g5 Ne8 17. h4 Qb6 18. Rc1 f5 19. h5 Na5 20. f3 Nc7 21. Rh2 Ne6 22. Qg3
Qc7 23. Rg1 Nc4 24. Nxc4 bxc4 25. Bd1 f4 1/2-1/2

[Event "AUTO-OPEN-4541"]
[Site "http://www.queenalice.com/game.php?id=1854718"]
[Date "2025.3.29"]
[Round "2"]
[White "josebaron"]
[Black "maurice916"]
[Result "1/2-1/2"]
[WhiteElo "2202"]
[BlackElo "1973"]

1. e4 c6 2. Nf3 d5 3. exd5 cxd5 4. d4 Nf6 5. Bb5+ Bd7 6. Bxd7+ Nbxd7 7. O-O e6
8. Nc3 a6 9. Bg5 Be7 10. Ne5 O-O 11. Nxd7 Qxd7 12. Bxf6 Bxf6 13. a4 Rac8 14. a5
Qc6 15. f4 Qc4 16. Ra4 Qc6 17. h3 Qd6 18. Ne2 Rc6 19. c3 b5 20. axb6 Rxb6 21. b4
g6 22. Qd3 1/2-1/2

[Event "AUTO-OPEN-4541"]
[Site "http://www.queenalice.com/game.php?id=1854719"]
[Date "2025.3.29"]
[Round "2"]
[White "maurice916"]
[Black "josebaron"]
[Result "0-1"]
[WhiteElo "1980"]
[BlackElo "2197"]

1. Nf3 d5 2. b3 Nf6 3. Bb2 Nc6 4. e3 Bg4 5. Be2 Bxf3 6. Bxf3 e5 7. d4 e4 8. Be2
Be7 9. f4 exf3 10. Bxf3 O-O 11. O-O Re8 12. Nd2 a5 13. a3 Bd6 14. Re1 Ne4 15.
Nxe4 dxe4 16. Be2 Qh4 17. g3 Bxg3 18. hxg3 Qxg3+ 19. Kh1 Re6 20. Bg4 Rh6+ 21.
Bh5 Qh3+ 22. Kg1 Rxh5 23. Kf2 Qh2+ 24. Kf1 Rf5+ 0-1

[Event "Let's Play Chess!"]
[Site "http://www.queenalice.com/game.php?id=1854996"]
[Date "2025.4.6"]
[Round "-"]
[White "Charles56"]
[Black "josebaron"]
[Result "1/2-1/2"]
[WhiteElo "1827"]
[BlackElo "2239"]

1. Nc3 e5 2. e4 Nf6 3. a3 Bc5 4. h3 O-O 5. Bc4 c6 6. d3 h6 7. g4 Nh7 8. Na4
Bxf2+ 9. Kxf2 Qh4+ 10. Kg2 b5 11. Nf3 Qe7 12. Nc3 bxc4 13. dxc4 d6 14. Nh2 a5
15. Be3 a4 16. Rf1 Be6 17. Nf3 Nd7 18. Bf2 Bxc4 19. Re1 Rfb8 20. Nd2 Be6 21. h4
Ndf8 1/2-1/2

[Event "AUTO-OPEN-4586"]
[Site "http://www.queenalice.com/game.php?id=1855130"]
[Date "2025.4.6"]
[Round "1"]
[White "Tonto"]
[Black "josebaron"]
[Result "0-1"]
[WhiteElo "2049"]
[BlackElo "2166"]

1. e4 e5 2. Nf3 Nc6 3. Be2 Nf6 4. d3 Bc5 5. O-O O-O 6. Bg5 h6 7. Bh4 Be7 8. h3
Nh7 9. Bxe7 Qxe7 10. Nc3 Nd4 11. Nxd4 exd4 12. Nd5 Qd6 13. c3 c6 14. Nb4 a5 15.
Nc2 c5 16. Na3 dxc3 17. bxc3 b6 18. Nb5 Qc6 19. a4 Ba6 20. Bf3 d6 21. e5 d5 22.
c4 Bxb5 23. Bxd5 Qc7 24. Bxa8 Bxa4 25. Rxa4 Rxa8 26. f4 Nf8 27. Qf3 Re8 28. Re1
Ne6 29. f5 Nd4 30. Qe4 Nc2 31. Re2 Nd4 32. Rf2 Qxe5 33. Qxe5 Rxe5 34. f6 g5 35.
Raa2 Re6 36. Rf1 Kh7 37. Rb2 Kg6 38. Rfb1 Ne2+ 39. Kh2 Nc3 40. Rc1 Ne2 41. Re1
Nd4 42. Reb1 h5 43. Rxb6 Re3 44. Rd1 Re2 45. Ra6 Nf3+ 46. Kh1 Ne1 47. Rxa5 Nxg2
48. Rxc5 Ne1 49. d4 Nf3 50. Rxg5+ Kxg5 51. Rg1+ Nxg1 0-1

[Event "AUTO-OPEN-4587"]
[Site "http://www.queenalice.com/game.php?id=1855357"]
[Date "2025.4.11"]
[Round "1"]
[White "josebaron"]
[Black "Tonto"]
[Result "1-0"]
[WhiteElo "2161"]
[BlackElo "2066"]

1. e4 e5 2. Nf3 d6 3. d4 exd4 4. Nxd4 c5 5. Nf3 Nf6 6. Bb5+ Bd7 7. Bxd7+ Nbxd7
8. O-O Be7 9. Nc3 O-O 10. Re1 Ng4 11. h3 Nge5 12. Nxe5 dxe5 13. Nd5 Bh4 14. Qg4
Bf6 15. Bh6 Re8 16. Nxf6+ Qxf6 17. Bxg7 Qxg7 18. Qxd7 b6 19. Re3 Kh8 20. Rg3 Qf6
21. Rf3 Re7 22. Qd5 Qg6 23. Qxa8+ 1-0

[Event "AUTO-OPEN-4587"]
[Site "http://www.queenalice.com/game.php?id=1855358"]
[Date "2025.4.11"]
[Round "1"]
[White "Tonto"]
[Black "josebaron"]
[Result "1/2-1/2"]
[WhiteElo "2044"]
[BlackElo "2170"]

1. e4 e5 2. Nf3 Nc6 3. Be2 Nf6 4. d3 Bc5 5. Nc3 O-O 6. O-O d6 7. Bg5 h6 8. Bh4
g5 9. Bg3 Nh5 10. Nd5 Nxg3 11. hxg3 Kg7 12. Nh2 Ne7 13. Bg4 Bxg4 14. Nxg4 Nxd5
15. exd5 f5 16. Nh2 g4 17. c3 Qf6 18. a4 a5 19. Re1 h5 20. d4 exd4 21. Re6 Qf7
22. b4 axb4 23. cxb4 Ba7 24. Qd2 f4 25. Rae1 Rae8 26. gxf4 Rxe6 27. dxe6 Qf5 28.
e7 Re8 29. Nf1 h4 30. b5 g3 1/2-1/2

[Event "AUTO-OPEN-4587"]
[Site "http://www.queenalice.com/game.php?id=1855361"]
[Date "2025.4.11"]
[Round "1"]
[White "josebaron"]
[Black "fbenevides2019"]
[Result "1-0"]
[WhiteElo "2179"]
[BlackElo "1856"]

1. e4 e5 2. Nf3 d6 3. Nc3 a6 4. d4 exd4 5. Nxd4 h6 6. Bc4 Nf6 7. O-O Bg4 8. f3
Bd7 9. a4 Nc6 10. Nxc6 Bxc6 11. Re1 Be7 12. e5 dxe5 13. Qxd8+ Rxd8 14. Rxe5 Rd7
15. Be3 O-O 16. Rxe7 Rxe7 17. Bc5 Rfe8 18. Bxe7 Rxe7 19. Bd3 a5 20. Kf2 b6 21.
Re1 Rxe1 22. Kxe1 g5 23. h3 Bd7 24. Kf2 Kg7 25. Ke3 Bc6 26. Kd4 Nh5 27. Nd5 Bxd5
28. Kxd5 Nf6+ 29. Kc6 Ne8 30. Kd7 Kf8 31. Bb5 c5 32. Kc6 Ke7 33. Kxb6 Nd6 34.
Kxa5 1-0

[Event "AUTO-OPEN-4587"]
[Site "http://www.queenalice.com/game.php?id=1855362"]
[Date "2025.4.11"]
[Round "1"]
[White "fbenevides2019"]
[Black "josebaron"]
[Result "1/2-1/2"]
[WhiteElo "1843"]
[BlackElo "2169"]

1. d4 d5 2. Nc3 Nf6 3. h3 e6 4. a3 Be7 5. Nf3 O-O 6. e3 Nc6 7. Bd3 h6 8. O-O a5
9. Re1 Re8 10. Bb5 Bd7 11. Bxc6 Bxc6 12. Ne5 Ne4 13. Nxe4 dxe4 14. Nxc6 bxc6 15.
c4 c5 1/2-1/2

[Event "AUTO-OPEN-4589"]
[Site "http://www.queenalice.com/game.php?id=1855999"]
[Date "2025.4.22"]
[Round "1"]
[White "CCapivara"]
[Black "josebaron"]
[Result "1/2-1/2"]
[WhiteElo "2232"]
[BlackElo "2157"]

1. e4 e5 2. Nf3 Nc6 3. Bb5 d6 4. O-O Nf6 5. d3 Be7 6. h3 a6 7. Bxc6+ bxc6 8. b3
c5 9. Bb2 O-O 10. Nbd2 a5 11. a4 Be6 12. Bc3 Nd7 13. Nh2 f5 14. f4 fxe4 15. fxe5
exd3 16. exd6 cxd6 17. cxd3 Bf5 18. Ndf3 Nb6 19. d4 Bf6 20. Qd2 c4 21. Bxa5 cxb3
22. Qb4 Nd5 23. Bxd8 Nxb4 24. Bxf6 Rxf6 1/2-1/2

[Event "AUTO-OPEN-4589"]
[Site "http://www.queenalice.com/game.php?id=1856000"]
[Date "2025.4.22"]
[Round "1"]
[White "josebaron"]
[Black "CCapivara"]
[Result "1/2-1/2"]
[WhiteElo "2170"]
[BlackElo "2234"]

1. e4 d6 2. Nf3 Nf6 3. Nc3 Bg4 4. Be2 e5 5. h3 Bh5 6. d4 Nbd7 7. Bg5 Be7 8. O-O
O-O 9. d5 c6 10. dxc6 bxc6 11. a4 a5 12. Nd2 Bg6 13. Nc4 d5 14. Bxf6 Bxf6 15.
exd5 cxd5 16. Nxd5 Rc8 17. Nxf6+ gxf6 18. Qd2 Qc7 19. Qxa5 Qxa5 20. Nxa5 Rxc2
21. Bb5 Nc5 22. b3 1/2-1/2